| 000 | 00548 a2200181 4500 | ||
|---|---|---|---|
| 999 |
_c329951 _d329951 |
||
| 001 | 86231 | ||
| 003 | NUST | ||
| 005 | 20170622125934.0 | ||
| 008 | 170601b xxu||||| |||| 00| 0 eng d | ||
| 020 | _a9789693512205 | ||
| 040 | _cNUST | ||
| 082 |
_a891.4397 _bSHA |
||
| 100 |
_aShafiq Ur Rehman _91675 |
||
| 245 |
_aKirnain _cShafiq Ur Rehman _hUrdu |
||
| 250 | _a1st | ||
| 260 |
_aLahore _bSang e Meel _c2008 |
||
| 300 | _a144p. | ||
| 500 | _aSatire | ||
| 546 | _aIn Urdu | ||
| 650 |
_aUrdu Literature-Satire _91676 |
||
| 880 |
_aکرنیں _6245-02\(3\r _cشفیق الرحمٰن |
||
| 880 |
_aشفیق الرحمٰن _6100-01\(3\r |
||
| 880 |
_aلاہور: _6260-03\(3\r _bسنگ میل پبلی کیشنز، _c2008 |
||
| 942 |
_cBK _2ddc |
||